000 00537nam a22001697a 4500
999 _c26554
_d26554
003 BDDh-ASL
005 20231015030645.0
008 211013n ii ||||| |||| 00| 0 u d
040 _aBDDh-ASL
_cBDDh-ASL
082 _a297.3
_bKHF
100 1 _94994
_aKhan, Mohammad Abdul Baki
245 1 0 _aFaslul Khitab Fi Muttabi Abdul Wahab : / فصل الخطا ب فی متبعی عبد الوھا ب
260 _aLucknow :
_bYusufi Press ,
300 _a60 p. :
_c25 cm.
650 0 _91652
_aIslam
_vIslamic Discourse
942 _2ddc
_cBK